000 00489nam a2200169Ia 4500
003 OSt
005 20201215155522.0
008 190216s9999||||xx |||||||||||||| ||und||
040 _coclc
082 _a894.8124
_bMAR/S
100 _aMarar, Kuttikrishna
_97066
245 0 _aSahithya Vidya /
_cKuttikrishna Marar
260 _bMarar Sahithya Prakasam,
_aCalicut;
_c1981.
300 _a90p
650 _aLekhanam
942 _cBK
_2ddc
_h894.8142
_iMAR/S
_k894.8142
_mMAR/S
999 _c25468
_d25468